000 00234nam a22001217a 4500
008 180309b xxu||||| |||| 00| 0 eng d
041 _aeng
080 _a710
100 _a45
101 _aARK
245 _aAZTECS
942 _2udc
_cBK
999 _c44555
_d44555